Curso superior de análisis matemático / (Record no. 112013)

MARC details
000 -LEADER
campo de control de longitud fija 00620nam a2200181 4500
001 - NÚMERO DE CONTROL
campo de control 112013
003 - IDENTIFICADOR DE NÚMERO DE CONTROL
campo de control ES-MaACL
005 - FECHA Y HORA DE LA ÚLTIMA TRANSACCIÓN
campo de control 20251114135558.0
007 - CAMPO FIJO DE DESCRIPCIÓN FÍSICA--INFORMACIÓN GENERAL
campo de control de longitud fija t|
008 - DATOS DE LONGITUD FIJA--INFORMACIÓN GENERAL
campo de control de longitud fija 061121s1942 sp r ||||1| spa d
100 1# - ENTRADA PRINCIPAL--NOMBRE DE PERSONA
Nombre de persona Navarro Borrás, Francisco.
9 (RLIN) 85107
245 10 - MENCIÓN DEL TÍTULO
Título Curso superior de análisis matemático /
Mención de responsabilidad, etc. por F. Navarro Borrás con un prólogo de D. Alfonso Peña Bocuf.
260 ## - PUBLICACIÓN, DISTRIBUCIÓN, ETC.
Lugar de publicación, distribución, etc. Madrid :
Nombre del editor, distribuidor, etc. [s.n.],
Fecha de publicación, distribución, etc. 1942 (
Fabricante C. Bermejo impr.)
300 ## - DESCRIPCIÓN FÍSICA
Extensión X, 649 p. con fig. interc. ;
Dimensiones 24 cm.
700 1# - ENTRADA AGREGADA--NOMBRE PERSONAL
Nombre de persona Peña Boeuf, Alfonso,
Fechas asociadas al nombre 1888-1966
9 (RLIN) 90253
852 ## - LOCALIZACIÓN
Ubicación ES-MaACL
Número de control de estantería F-15592
Sublocalización o colección R.19862
Holdings
Estatus retirado Estado de pérdida Estado de daño No para préstamo Biblioteca de origen Biblioteca actual Ubicación en estantería Fecha de adquisición Fuente de adquisición Total de préstamos Signatura topográfica completa Código de barras Visto por última vez Precio de reemplazo Tipo de ítem Koha
        Biblioteca del Ateneo de Madrid Biblioteca del Ateneo de Madrid Sala Pecera Planta 2 17/01/2008     F-15592 1116841 23/02/2023 23/02/2023 Libro impreso